Midsummer retail report 2008 (Record no. 108441)

MARC details
000 -LEADER
fixed length control field 01046cad a22002295a 4500
001 - CONTROL NUMBER
control field L144294
008 - FIXED-LENGTH DATA ELEMENTS--GENERAL INFORMATION
fixed length control field 080708s2008 xxkad f s 000 0 eng d
035 ## - SYSTEM CONTROL NUMBER
System control number (Sirsi) u144294
041 0# - LANGUAGE CODE
Language code of text/sound track or separate title eng
050 04 - LIBRARY OF CONGRESS CALL NUMBER
Classification number 333.32 $2 18
110 2# - MAIN ENTRY--CORPORATE NAME
Corporate name or jurisdiction name as entry element Colliers Conrad Ritblat Erdman
9 (RLIN) 4264
245 00 - TITLE STATEMENT
Title Midsummer retail report 2008
Medium [electronic resource]
260 ## - PUBLICATION, DISTRIBUTION, ETC.
Place of publication, distribution, etc. London
-- olliers
Date of publication, distribution, etc. 2008
490 #0 - SERIES STATEMENT
Series statement Colliers Midsummer Retail Report
Volume/sequential designation 2008
520 ## - SUMMARY, ETC.
Summary, etc. Reports that the UK retail market is on a razor edge due to the delayed impact of the economic downturn. Forecasts a sharp fall in consumer expenditure leading to very tough market conditions for many retailers and some landlords. Predicts real rents in the high street will fall 15-20% over the next three years.
590 ## - LOCAL NOTE (RLIN)
Local note KA NTK
650 24 - SUBJECT ADDED ENTRY--TOPICAL TERM
Topical term or geographic name entry element COLLIERS MIDSUMMER RETAIL REPORT
651 #4 - SUBJECT ADDED ENTRY--GEOGRAPHIC NAME
Geographic name United Kingdom
Chronological subdivision
690 ## - LOCAL SUBJECT ADDED ENTRY--TOPICAL TERM (OCLC, RLIN)
Topical term or geographic name as entry element PROPERTY-COMMERCIAL PROPERTY-COMMERCIAL PROPERTY MARKET
856 40 - ELECTRONIC LOCATION AND ACCESS
Uniform Resource Identifier <a href="https://www.colliers.com">https://www.colliers.com</a>
Public note View the report free of charge at www.colliers.com...
942 ## - ADDED ENTRY ELEMENTS (KOHA)
Suppress in OPAC 0
Holdings
Withdrawn status Lost status Source of classification or shelving scheme Damaged status Not for loan Home library Current library Shelving location Date acquired Total Checkouts Full call number Barcode Date last seen Copy number Price effective from Koha item type
    Dewey Decimal Classification     Virtual Virtual Online 08/07/2008   L144294 144294-1001 06/08/2019 1 06/08/2019 Book